Statistics for Countries by Random Picture #1

Click here to take the quiz!

General Stats

  • This quiz has been taken 57 times
  • The average score is 9 of 16

Answer Stats

Answer% Correct
China
100%
Sweden
98%
Australia
78%
Germany
74%
United Kingdom
74%
Barbados
65%
Portugal
65%
France
63%
North Korea
61%
India
59%
Iran
54%
Dominica
46%
Ukraine
35%
Russia
26%
Pakistan
22%
Japan
13%

Score Distribution

Percentile by Number Answered

Percent of People with Each Score

Your Score History

You have not taken this quiz